| 000 | 00404nam a2200109Ia 4500 | ||
|---|---|---|---|
| 008 | 160909s9999 xx 000 0 und d | ||
| 100 | _aCurry, Diane Nybo | ||
| 245 | 4 | _aThe influence of hope on the child with a chronic illness: An integrative review of the literature | |
| 260 |
_bThe University of Arizona _c2016 |
||
| 650 | _aNursing | ||
| 856 | _uhttp://pqdtopen.proquest.com/doc/1805310258.html?FMT=ABS | ||
| 999 |
_c303893 _d303893 |
||